[Event "Brownsville UT RGV GM"]
[Site "Brownsville"]
[Date "2021.12.19"]
[Round "3"]
[White "Shamatava, Ana"]
[Black "Lin, Dachey"]
[Result "0-1"]
[WhiteElo "2146"]
[BlackElo "2243"]
[PlyCount "68"]
[EventDate "2021.12.18"]
[EventType "tourn"]
[EventRounds "11"]
[EventCountry "USA"]
[EventCategory "6"]
[SourceTitle "EXT 2023"]
[Source "ChessBase"]
[SourceDate "2022.10.05"]
[SourceVersion "1"]
[SourceVersionDate "2022.10.05"]
[SourceQuality "1"]

1. e4 c6 2. d4 d5 3. Nc3 dxe4 4. Nxe4 Bf5 5. Ng3 Bg6 6. h4 h6 7. Nf3 e6 8. h5 Bh7 9. Bd3 Bxd3 10. Qxd3 Nf6 11. Bd2 Be7 12. 0-0-0 Nbd7 13. Kb1 0-0 14. Ne4 Nxe4 15. Qxe4 Nf6 16. Qe2 Qd5 17. Bc1 Kh8 18. Rd3 Rac8 19. Nh4 Rfd8 20. Be3 Kg8 21. Qd1 a5 22. Rh3 a4 23. g4 Qb5 24. f4 Nd5 25. Bc1 Nb4 26. Rd2 Qd5 27. b3 axb3 28. cxb3 Qe4+ 29. Ka1 Bf6 30. Nf3 Ra8 31. a3 Qxf4 32. g5 hxg5 33. h6 g4 34. h7+ Kh8 0-1

[Event "Brownsville UT RGV GM"]
[Site "Brownsville"]
[Date "2021.12.18"]
[Round "2"]
[White "Beukes, Dante M"]
[Black "Shamatava, Ana"]
[Result "1-0"]
[WhiteElo "2144"]
[BlackElo "2146"]
[PlyCount "105"]
[EventDate "2021.12.18"]
[EventType "tourn"]
[EventRounds "11"]
[EventCountry "USA"]
[EventCategory "6"]
[SourceTitle "EXT 2023"]
[Source "ChessBase"]
[SourceDate "2022.10.05"]
[SourceVersion "1"]
[SourceVersionDate "2022.10.05"]
[SourceQuality "1"]

1. e4 c5 2. Nf3 e6 3. b3 a6 4. Bb2 Nc6 5. Be2 d6 6. d4 cxd4 7. Nxd4 e5 8. Nxc6 bxc6 9. c4 Nf6 10. Nc3 Be7 11. 0-0 0-0 12. Qd3 a5 13. Rad1 Qc7 14. Qe3 Be6 15. Na4 Rab8 16. c5 Rb4 17. Bf3 Qb8 18. cxd6 Bxd6 19. Bc3 Rb5 20. Be2 Rc8 21. Rc1 Ba3 22. Rc2 Rxb3 23. axb3 Qxb3 24. Bd1 Qxa4 25. Ra2 Bb3 26. Bxe5 Bxd1 27. Rxa3 Ng4 28. Rxa4 Nxe3 29. Ra1 Nxf1 30. Rxd1 Nxh2 31. Kxh2 f6 32. Bc3 a4 33. Ra1 Ra8 34. Ra3 Kf7 35. Kg3 Ke6 36. Kf4 Ra7 37. Ke3 Kd6 38. Kd4 c5+ 39. Kc4 Kc6 40. Ra2 a3 41. Kb3 Kb5 42. Bd2 c4+ 43. Kc2 h5 44. Be3 Ra8 45. Kc3 Re8 46. Rxa3 Rxe4 47. Ra7 Rg4 48. g3 f5 49. Rc7 h4 50. Rc5+ Ka6 51. gxh4 Rxh4 52. Rxf5 Rg4 53. Rg5 1-0

[Event "Charlotte CCCSA Labor Day IM-D"]
[Site "Charlotte"]
[Date "2021.09.04"]
[Round "4"]
[White "Shamatava, Ana"]
[Black "Diulger, Alexey"]
[Result "1/2-1/2"]
[WhiteElo "2143"]
[BlackElo "2272"]
[PlyCount "78"]
[EventDate "2021.09.02"]
[EventType "tourn"]
[EventRounds "9"]
[EventCountry "USA"]
[EventCategory "1"]
[SourceTitle "CBM 204 Extra"]
[Source "ChessBase"]
[SourceDate "2021.11.30"]
[SourceVersion "1"]
[SourceVersionDate "2021.11.30"]
[SourceQuality "1"]

1. e4 e5 2. d4 exd4 3. Qxd4 Qf6 4. Qe3 Qb6 5. Qg3 Nc6 6. Bd3 Nb4 7. Ne2 Nxd3+ 8. cxd3 h5 9. Nbc3 h4 10. Qe5+ Kd8 11. Nd5 Qd6 12. Qc3 Qc5 13. Qb3 h3 14. g3 Ne7 15. Be3 Qa5+ 16. Bd2 Qa6 17. Nef4 Nxd5 18. Qxd5 Qf6 19. Bc3 Qe7 20. 0-0-0 d6 21. e5 c6 22. exd6 cxd5 23. dxe7+ Bxe7 24. Nxd5 f6 25. Nxe7 Kxe7 26. Rhe1+ Kf7 27. Re3 Be6 28. Rde1 Rae8 29. b3 Bd5 30. Kd2 Re6 31. Rxe6 Bxe6 32. Re4 Bd5 33. Re1 Re8 34. Rxe8 Kxe8 35. Ke3 Ke7 36. f3 Ke6 37. g4 g6 38. Kf4 a6 39. Kg3 f5 1/2-1/2

[Event "Charlotte CCCSA Labor Day IM-D"]
[Site "Charlotte"]
[Date "2021.09.04"]
[Round "5"]
[White "Shlyakhtenko, Robert"]
[Black "Shamatava, Ana"]
[Result "1-0"]
[WhiteElo "2313"]
[BlackElo "2143"]
[PlyCount "73"]
[EventDate "2021.09.02"]
[EventType "tourn"]
[EventRounds "9"]
[EventCountry "USA"]
[EventCategory "1"]
[SourceTitle "CBM 204 Extra"]
[Source "ChessBase"]
[SourceDate "2021.11.30"]
[SourceVersion "1"]
[SourceVersionDate "2021.11.30"]
[SourceQuality "1"]

1. d4 f5 2. Bf4 Nf6 3. e3 e6 4. Be2 Be7 5. c4 0-0 6. Nc3 d6 7. Nh3 h6 8. Bg3 Nc6 9. f4 d5 10. 0-0 dxc4 11. Bxc4 Na5 12. Be2 c5 13. Bf3 cxd4 14. exd4 Nc4 15. Qe2 Nb6 16. Rad1 Nbd5 17. Nf2 Qa5 18. Nd3 Nxc3 19. bxc3 Qxc3 20. Ne5 Rd8 21. Bh4 Nd5 22. Bxd5 Bxh4 23. Rd3 Qc7 24. Bb3 a5 25. a4 Ra6 26. g4 fxg4 27. Nxg4 Rad6 28. Qe5 Qe7 29. f5 Qg5 30. h3 Kh7 31. Rc3 Rxd4 32. Bc2 Rxg4+ 33. hxg4 Qxg4+ 34. Kh1 exf5 35. Rg1 Bf6 36. Rxg4 Bxe5 37. Rxc8 1-0

[Event "Continental op 51st"]
[Site "Sturbridge"]
[Date "2021.08.13"]
[Round "3"]
[White "Mulyar, Michael A"]
[Black "Shamatava, Ana"]
[Result "1-0"]
[WhiteElo "2366"]
[BlackElo "2155"]
[PlyCount "89"]
[EventDate "2021.08.12"]
[EventType "swiss"]
[EventRounds "9"]
[EventCountry "USA"]
[SourceTitle "CBM 203 Extra"]
[Source "ChessBase"]
[SourceDate "2021.09.30"]
[SourceVersion "1"]
[SourceVersionDate "2021.09.30"]
[SourceQuality "1"]

1. d4 f5 2. Nf3 Nf6 3. g3 g6 4. Bg2 Bg7 5. 0-0 0-0 6. c4 d6 7. Nc3 c6 8. Rb1 a5 9. b3 Qe8 10. d5 Na6 11. Na4 Ne4 12. Bb2 e5 13. dxe6 Bxe6 14. Bxg7 Kxg7 15. Nc3 Nac5 16. Qd4+ Kg8 17. Nd2 Nxc3 18. Qxc3 Qf7 19. Rbd1 Rfd8 20. Qc2 Qf6 21. Nf3 Bf7 22. Nd4 Re8 23. e3 Ne4 24. Ne2 Rad8 25. Rd4 Qe5 26. Rfd1 g5 27. Nc3 Bh5 28. Rc1 Bg6 29. Nxe4 fxe4 30. Qd2 Rf8 31. c5 d5 32. Qxa5 Bh5 33. Rc2 Rd7 34. Qc3 Rdf7 35. Rdd2 Qf5 36. b4 Rf6 37. b5 Rh6 38. bxc6 bxc6 39. Rb2 Bf3 40. Rb7 Rff6 41. Qa5 Qe5 42. Rdb2 Rf8 43. Qc7 Qc3 44. Rb8 Rhf6 45. R2b7 1-0

[Event "FIDE World Uni Rapid-F 1st"]
[Site "Tornelo INT"]
[Date "2021.03.21"]
[Round "8"]
[White "Shamatava, Ana"]
[Black "Kevlishvili, Robby"]
[Result "0-1"]
[WhiteElo "2155"]
[BlackElo "2495"]
[PlyCount "82"]
[EventDate "2021.03.20"]
[EventType "swiss (rapid)"]
[EventRounds "12"]
[EventCountry "NET"]
[SourceTitle "EXT 2022"]
[Source "ChessBase"]
[SourceDate "2021.10.06"]
[SourceVersion "1"]
[SourceVersionDate "2021.10.06"]
[SourceQuality "1"]

1. Nf3 d5 2. g3 g6 3. Bg2 Bg7 4. d4 Nd7 5. 0-0 Ngf6 6. b3 0-0 7. Bb2 a5 8. c4 a4 9. cxd5 Nxd5 10. e4 N5b6 11. Qe2 c6 12. b4 Re8 13. a3 e5 14. Rd1 exd4 15. Nxd4 Qe7 16. Nd2 Ne5 17. h3 Ned7 18. Rab1 Nf8 19. Nc4 Nxc4 20. Qxc4 Ne6 21. f4 Nxd4 22. Bxd4 Be6 23. Qc3 Bxd4+ 24. Rxd4 Bb3 25. Rb2 Rac8 26. Rbd2 c5 27. Rd7 cxb4 28. Qxc8 Rxc8 29. Rxe7 bxa3 30. Bf1 a2 31. Rxa2 Bxa2 32. Rxb7 a3 33. Ra7 Rc3 34. Kf2 Be6 35. g4 a2 36. f5 gxf5 37. gxf5 Bb3 38. f6 h5 39. e5 Kh7 40. h4 Kg6 41. Bh3 Rxh3 0-1

[Event "FIDE World Uni Rapid-F 1st"]
[Site "Tornelo INT"]
[Date "2021.03.21"]
[Round "10"]
[White "Shamatava, Ana"]
[Black "Schmakel, Sam A"]
[Result "0-1"]
[WhiteElo "2155"]
[BlackElo "2435"]
[PlyCount "60"]
[EventDate "2021.03.20"]
[EventType "swiss (rapid)"]
[EventRounds "12"]
[EventCountry "NET"]
[SourceTitle "EXT 2022"]
[Source "ChessBase"]
[SourceDate "2021.10.06"]
[SourceVersion "1"]
[SourceVersionDate "2021.10.06"]
[SourceQuality "1"]

1. Nf3 d5 2. g3 c5 3. Bg2 Nc6 4. 0-0 e5 5. d3 Nf6 6. Nbd2 Be7 7. e4 0-0 8. exd5 Nxd5 9. Re1 f6 10. a4 Bg4 11. h3 Be6 12. Kh2 Qd7 13. Nc4 Rad8 14. Nfd2 Rfe8 15. Nf1 Bf8 16. Nfe3 Ndb4 17. Bd2 Qc7 18. Qc1 f5 19. b3 Nd4 20. Bxb4 cxb4 21. Qb2 f4 22. Nf1 f3 23. Bh1 Bxh3 24. Kxh3 Re6 25. Kh2 Rh6+ 26. Kg1 Qc8 27. Nfe3 Qh3 28. Bg2 Qh2+ 29. Kf1 Qh1+ 30. Bxh1 Rxh1# 0-1

[Event "FIDE World Uni Rapid-F 1st"]
[Site "Tornelo INT"]
[Date "2021.03.20"]
[Round "4"]
[White "Dy, Daphne Mae"]
[Black "Shamatava, Ana"]
[Result "0-1"]
[WhiteElo "1578"]
[BlackElo "2155"]
[PlyCount "154"]
[EventDate "2021.03.20"]
[EventType "swiss (rapid)"]
[EventRounds "12"]
[EventCountry "NET"]
[SourceTitle "EXT 2022"]
[Source "ChessBase"]
[SourceDate "2021.10.06"]
[SourceVersion "1"]
[SourceVersionDate "2021.10.06"]
[SourceQuality "1"]

1. d4 f5 2. Bf4 Nf6 3. e3 g6 4. c3 Bg7 5. h3 d6 6. Nf3 0-0 7. Bc4+ e6 8. 0-0 h6 9. Nbd2 Kh7 10. Re1 Nc6 11. Qc2 Ne4 12. Nxe4 fxe4 13. Nd2 d5 14. Be2 e5 15. dxe5 Nxe5 16. Rad1 Qe7 17. c4 c6 18. cxd5 cxd5 19. Nb3 Bf5 20. Rxd5 Rac8 21. Rc5 Nf3+ 22. gxf3 exf3 23. Qc1 fxe2 24. Rxc8 Rxc8 25. Qd2 Rc2 26. Qa5 b6 27. Qa6 Qh4 28. Rxe2 Rxe2 29. Qxe2 Qxh3 30. Qf1 Qg4+ 31. Qg2 Qd1+ 32. Qf1 Qh5 33. Nd4 Bxd4 34. exd4 Be4 35. f3 Bxf3 36. Kf2 Bd5 37. Qd3 Qg4 38. Qe3 Qg2+ 39. Ke1 Qe4 40. Qxe4 Bxe4 41. Kf2 g5 42. Bb8 a6 43. Ke3 Bd5 44. a3 Kg6 45. b4 Kf5 46. a4 h5 47. b5 axb5 48. axb5 h4 49. Bc7 h3 50. Bd6 g4 51. Kf2 Ke4 52. Be5 Kd3 53. Kg3 Bf3 54. d5 Bxd5 55. Kxg4 Be6+ 56. Kg3 Kc4 57. Bc7 Kxb5 58. Kf3 Kc5 59. Ke3 b5 60. Kd3 Bc4+ 61. Kc3 Kd5 62. Kd2 Ke4 63. Ke1 Kf3 64. Kd2 Kg2 65. Kc3 h2 66. Bxh2 Kxh2 67. Kb4 Kg3 68. Kc3 Kf4 69. Kd4 Kf5 70. Kc5 Ke4 71. Kb4 Kd5 72. Kc3 Kc5 73. Kb2 Kb4 74. Kc2 Ka3 75. Kb1 b4 76. Ka1 b3 77. Kb1 Bd3+ 0-1

[Event "FIDE World Uni Blitz-C 1st"]
[Site "Tornelo INT"]
[Date "2021.03.13"]
[Round "1.43"]
[White "Bhanuprasad, Meghana"]
[Black "Shamatava, Ana"]
[Result "0-1"]
[WhiteElo "1759"]
[BlackElo "2155"]
[PlyCount "142"]
[EventDate "2021.03.13"]
[EventType "swiss (blitz)"]
[EventRounds "10"]
[EventCountry "NET"]
[SourceTitle "EXT 2022"]
[Source "ChessBase"]
[SourceDate "2021.10.06"]
[SourceVersion "1"]
[SourceVersionDate "2021.10.06"]
[SourceQuality "1"]

1. e4 c5 2. Nf3 Nc6 3. d4 cxd4 4. Nxd4 e5 5. Nb5 d6 6. N1c3 a6 7. Na3 b5 8. Nd5 Nce7 9. Bg5 h6 10. Bh4 g5 11. Bg3 Nxd5 12. Qxd5 Be6 13. Qd2 Nf6 14. Bd3 Qc7 15. c3 Be7 16. Nc2 d5 17. exd5 Nxd5 18. 0-0-0 Rd8 19. Qe1 Nf4 20. Be4 Qc4 21. Rxd8+ Bxd8 22. b3 Ne2+ 23. Kb2 Qxe4 24. f3 Qd3 25. Bxe5 f6 26. Bd4 Nxd4 27. Nxd4 Be7 28. Qxe6 Qd2+ 29. Nc2 Qd7 30. Re1 Qxe6 31. Rxe6 a5 32. Nd4 b4 33. Nc6 Kd7 34. Rxe7+ Kxc6 35. Re6+ Kb5 36. Rxf6 Re8 37. Rxh6 Re2+ 38. Kc1 bxc3 39. Rh5 Rxg2 40. h3 Kb4 41. Rh8 Ka3 42. Ra8 Kxa2 43. Rxa5+ Kxb3 44. Rb5+ Kc4 45. Rb8 Rf2 46. Rc8+ Kd4 47. Rd8+ Ke5 48. Re8+ Kf4 49. Rf8+ Kg3 50. Rg8 Kh4 51. Rh8+ Kg3 52. Rg8 Kf4 53. Rf8+ Ke3 54. Re8+ Kd3 55. Rd8+ Ke2 56. Re8+ Kxf3 57. Rf8+ Kg3 58. Rc8 Rf3 59. Rg8 Kf4 60. Rf8+ Ke3 61. Re8+ Kf2 62. Rg8 Rg3 63. Rf8+ Kg2 64. Rc8 Kxh3 65. Rh8+ Kg2 66. Kc2 g4 67. Re8 Rf3 68. Rg8 g3 69. Rd8 Kf2 70. Re8 g2 71. Rg8 g1Q 0-1

[Event "FIDE World Uni Blitz-C 1st"]
[Site "Tornelo INT"]
[Date "2021.03.13"]
[Round "7.31"]
[White "Cadieu, Corentin"]
[Black "Shamatava, Ana"]
[Result "0-1"]
[WhiteElo "1524"]
[BlackElo "2155"]
[PlyCount "84"]
[EventDate "2021.03.13"]
[EventType "swiss (blitz)"]
[EventRounds "10"]
[EventCountry "NET"]
[SourceTitle "EXT 2022"]
[Source "ChessBase"]
[SourceDate "2021.10.06"]
[SourceVersion "1"]
[SourceVersionDate "2021.10.06"]
[SourceQuality "1"]

1. b3 e5 2. Bb2 Nc6 3. e3 d5 4. Bb5 Qd6 5. Nf3 f6 6. c4 Be6 7. d4 e4 8. Nfd2 a6 9. cxd5 Bxd5 10. Bxc6+ Bxc6 11. Nc3 f5 12. Nc4 Qh6 13. Ne5 Ne7 14. d5 Rd8 15. Nxc6 bxc6 16. Qc2 cxd5 17. Na4 Nc6 18. Rc1 Nb4 19. Qxc7 Nd3+ 20. Kd2 Nxc1 21. Rxc1 Bb4+ 22. Ke2 0-0 23. Rc6 Qh5+ 24. f3 Qf7 25. Qe5 Rd7 26. Nc5 Bxc5 27. Rxc5 exf3+ 28. gxf3 Re8 29. Qg3 d4 30. e4 fxe4 31. fxe4 Rxe4+ 32. Kd1 Qf1+ 33. Kc2 Re2+ 34. Kd3 Re3+ 35. Kd2 Qe2+ 36. Kc1 Rxg3 37. hxg3 d3 38. Rc8+ Kf7 39. Ba3 d2+ 40. Kb2 d1Q+ 41. Kc3 Qec2+ 42. Kb4 Qxc8 0-1